Sucker - Jonas Brothers - All Lyrics - Statistics

General Stats
  • This quiz has been taken 191 times
  • The average score is 290 of 382
Answer Stats
Answer % Correct
I
100%
a
99%
you
97%
You
97%
you,
97%
you),
97%
you)
97%
I’m
96%
I'm
96%
(I'm
96%
sucker
96%
for
94%
the
91%
and
89%
And,
89%
And
89%
me
88%
(Oh,
88%
yeah
88%
(Yeah)
88%
yeah,
88%
yeah)
88%
in
83%
it
82%
of
81%
We
81%
on
80%
go
79%
my
79%
know
77%
you're
77%
You’re
77%
it's
75%
It’s
75%
brain
74%
together
72%
inside
71%
top
71%
about
70%
(About
70%
all
70%
cars
70%
dancin'
70%
tattoo
70%
weather,
70%
bars
69%
been
68%
change
68%
get
68%
I've
68%
pain,
67%
enough
66%
baby,
65%
can't
65%
feather,
65%
medicine
65%
out
65%
stumblin'
65%
birds
63%
things
63%
no
62%
follow
60%
obvious
60%
true,
60%
when
60%
dark,
58%
I'll
57%
through
57%
typical
56%
'round
54%
that
54%
one
52%
Any
51%
knows
51%
subliminal
51%
than
51%
say
50%
Say
50%
Better
49%
anywhere
48%
rules
47%
break
46%
makin'
46%
word
46%
blindly
45%
Don't
44%
don't
44%
find
44%
December
42%
everything
42%
feelin'
41%
heat
41%
take,
36%
you'll
35%
complicate
34%
'Cause
32%
remember
28%
road
27%
nights
20%
No matching quizzes found
Score Distribution
Percent of People with Each Score
Percentile by Number Answered
Your Score History
You have not taken this quiz